000 00358nam a2200145Ia 4500
008 151213s9999 xx 000 0 und d
245 _aBritannica Ready Reference Encyclopedia
_cV-10
250 _aV-10
260 _aNew Delhi
_bBritannica
_c2005
300 _a2903 p.
650 _aEncyclopedia
650 _aReference
700 _aV-10
999 _c1990
_d1990